000
00265nam a2200097Ia 4500
001
1173039
005
20250827012606.0
008
250824s9999 xx 000 0 und d
245
0
_a
MAYANIN AĞACI
_c
GÖKÇE ATEŞ AYTUĞ
260
_b
GÜNIŞIGI KİTAPLIĞI YAYINLARI
999
_c
1173039
_d
1173039